| 000 | 00825nam a2200241Ia 4500 | ||
|---|---|---|---|
| 003 | OSt | ||
| 005 | 20220923224007.0 | ||
| 006 | a|||||r|||| 00| 0 | ||
| 007 | ta | ||
| 008 | Pun | ||
| 024 | _a223,910 | ||
| 037 | _cTextual | ||
| 040 |
_aARTS _cARTS _bPun |
||
| 041 |
_2Pun _aPun |
||
| 082 | _aO153,1:g(Y15), P4 | ||
| 100 |
_aਸੰਧੂ, ਸੁਖਵਿੰਦਰ ਕੋਰ _9157432 |
||
| 245 | 0 | _aਪੰਜਾਬੀ ਕਿੱਸਾ ਕਾਵਿ ਵਿਚ ਆਦਰF ਨਾਰੀ ਦਾ ਸੰਕਲਪ | |
| 260 |
_aਅਮਿਤਸਰ ੍ਰ _b ਵਾਰਿਸ Fਾਹ ਫਾੳ੍ਵੂਡੇFਨ _c2004 |
||
| 300 |
_a176ਪੰ _ccm. |
||
| 650 | _aਪੰਜਾਬੀ ਸਾਹਿਤ | ||
| 942 |
_hO153,1:g(Y15), P4 _cTEXL _2CC |
||
| 999 |
_c368580 _d368580 |
||